Efektívny vedúci bakalárska práca

Saved in:
Bibliographic Details
Main Author: Ilavská, Michaela
Format: Book
Language:Slovak
Published: Bratislava bakalárska práca Michaela Ilavská
Online Access:View in OPAC
Tags: Add Tag
No Tags, Be the first to tag this record!

MARC

LEADER 00000nam a2200000 a 4500
005 20260127134241.0
008 141016 2014 000 0 slo d
035 |a vtls010628546 
039 9 |y 201410161141  |z mschk03 
040 |a STUSCHK1  |b slo  |c STUSCHK1  |e AACR2 
100 1 |a Ilavská, Michaela 
245 1 |a Efektívny vedúci  |b bakalárska práca  |c Michaela Ilavská 
260 |a Bratislava  |b bakalárska práca  |c Michaela Ilavská 
300 |a 57 s.  |b il.  |c 30 cm 
500 |a Obhájené: 15.07.2014 
500 |a Štud. program: automatizácia, informatizácia a manažment v chémii a potravinárstve 
500 |a Štud. odbor: automatizácia, priemyselné inžinierstvo 
500 |a Školiace pracovisko: Oddelenie manažmentu chemických a potravinárskych technológií 
500 |a Evid. číslo: FCHPT-5415-74034 
910 |a SCHK95 
999 |c 7868  |d 7868